<?xml version="1.0" encoding="UTF-8"?>
<collection xmlns="http://www.loc.gov/MARC21/slim">
 <record>
  <leader>02911nam a22003377a 4500</leader>
  <controlfield tag="001">NCT_28642</controlfield>
  <controlfield tag="008">180411b        xxu||||| |||| 00| 0 vie d</controlfield>
  <datafield tag="999" ind1=" " ind2=" ">
   <subfield code="c">1376</subfield>
   <subfield code="d">1376</subfield>
  </datafield>
  <datafield tag="020" ind1=" " ind2=" ">
   <subfield code="a">9786046614340</subfield>
   <subfield code="c">99000</subfield>
  </datafield>
  <datafield tag="082" ind1="0" ind2="4">
   <subfield code="2">23rd ed.</subfield>
   <subfield code="a">616.1</subfield>
   <subfield code="b">X527</subfield>
  </datafield>
  <datafield tag="100" ind1="1" ind2=" ">
   <subfield code="a">Nguyễn Thị Xuyến</subfield>
   <subfield code="e">Chủ biên</subfield>
  </datafield>
  <datafield tag="245" ind1="1" ind2="0">
   <subfield code="a">Hướng dẫn chẩn đoán và điều trị bệnh tim mạch</subfield>
   <subfield code="b">: Ban hành kèm theo Quyết định số 2510/QĐ-BYT ngày 15 tháng 7 năm 2013 của Bộ trưởng Bộ Y tế</subfield>
   <subfield code="c">Nguyễn Thị Xuyến, Lương Ngọc Khuê, Nguyễn Lân Việt</subfield>
  </datafield>
  <datafield tag="250" ind1=" " ind2=" ">
   <subfield code="a">Tái bản lần thứ nhất</subfield>
  </datafield>
  <datafield tag="260" ind1=" " ind2=" ">
   <subfield code="a">H.</subfield>
   <subfield code="b">Y học</subfield>
   <subfield code="c">2017</subfield>
  </datafield>
  <datafield tag="300" ind1=" " ind2=" ">
   <subfield code="a">243tr.</subfield>
   <subfield code="c">27cm</subfield>
  </datafield>
  <datafield tag="520" ind1="3" ind2=" ">
   <subfield code="a">Những điều cần biết về bệnh tim mạch như ngừng tuần hoàn, nhồi máu cơ tim, phù phổi cấp, sốc tim, cơn đau thắt ngực không ổn định và nhồi máu cơ tim không có ST chênh lên, cơn đau thắt ngực ổn định, lóc thành động mạch chủ, tai biến </subfield>
  </datafield>
  <datafield tag="653" ind1=" " ind2=" ">
   <subfield code="a">Y đa khoa</subfield>
  </datafield>
  <datafield tag="700" ind1="1" ind2=" ">
   <subfield code="a">Lương Ngọc Khuê</subfield>
   <subfield code="e">Đồng chủ biên</subfield>
  </datafield>
  <datafield tag="700" ind1="1" ind2=" ">
   <subfield code="a">Nguyễn Việt Lân</subfield>
   <subfield code="e">Đồng chủ biên</subfield>
  </datafield>
  <datafield tag="942" ind1=" " ind2=" ">
   <subfield code="2">ddc</subfield>
   <subfield code="c">BK</subfield>
  </datafield>
  <datafield tag="952" ind1=" " ind2=" ">
   <subfield code="0">0</subfield>
   <subfield code="1">1</subfield>
   <subfield code="2">ddc</subfield>
   <subfield code="4">0</subfield>
   <subfield code="6">616_100000000000000_X527</subfield>
   <subfield code="7">0</subfield>
   <subfield code="9">6773</subfield>
   <subfield code="a">000001</subfield>
   <subfield code="b">000001</subfield>
   <subfield code="d">2018-04-11</subfield>
   <subfield code="l">1</subfield>
   <subfield code="o">616.1 X527</subfield>
   <subfield code="p">MD.11019</subfield>
   <subfield code="r">2018-07-13</subfield>
   <subfield code="s">2018-07-13</subfield>
   <subfield code="v">99000.00</subfield>
   <subfield code="w">2018-04-11</subfield>
   <subfield code="y">BK</subfield>
  </datafield>
  <datafield tag="952" ind1=" " ind2=" ">
   <subfield code="0">0</subfield>
   <subfield code="1">0</subfield>
   <subfield code="2">ddc</subfield>
   <subfield code="4">0</subfield>
   <subfield code="6">616_100000000000000_X527</subfield>
   <subfield code="7">0</subfield>
   <subfield code="9">6774</subfield>
   <subfield code="a">000001</subfield>
   <subfield code="b">000001</subfield>
   <subfield code="d">2018-04-11</subfield>
   <subfield code="o">616.1 X527</subfield>
   <subfield code="p">MD.11020</subfield>
   <subfield code="r">2018-04-11</subfield>
   <subfield code="v">99000.00</subfield>
   <subfield code="w">2018-04-11</subfield>
   <subfield code="y">BK</subfield>
  </datafield>
  <datafield tag="952" ind1=" " ind2=" ">
   <subfield code="0">0</subfield>
   <subfield code="1">1</subfield>
   <subfield code="2">ddc</subfield>
   <subfield code="4">0</subfield>
   <subfield code="6">616_100000000000000_X527</subfield>
   <subfield code="7">0</subfield>
   <subfield code="9">6775</subfield>
   <subfield code="a">000001</subfield>
   <subfield code="b">000001</subfield>
   <subfield code="d">2018-04-11</subfield>
   <subfield code="l">1</subfield>
   <subfield code="o">616.1 X527</subfield>
   <subfield code="p">MD.11021</subfield>
   <subfield code="r">2018-10-01</subfield>
   <subfield code="s">2018-10-01</subfield>
   <subfield code="v">99000.00</subfield>
   <subfield code="w">2018-04-11</subfield>
   <subfield code="y">BK</subfield>
  </datafield>
  <datafield tag="952" ind1=" " ind2=" ">
   <subfield code="0">0</subfield>
   <subfield code="1">0</subfield>
   <subfield code="2">ddc</subfield>
   <subfield code="4">0</subfield>
   <subfield code="6">616_100000000000000_X527</subfield>
   <subfield code="7">0</subfield>
   <subfield code="9">6776</subfield>
   <subfield code="a">000001</subfield>
   <subfield code="b">000001</subfield>
   <subfield code="d">2018-04-11</subfield>
   <subfield code="o">616.1 X527</subfield>
   <subfield code="p">MD.11022</subfield>
   <subfield code="r">2018-04-11</subfield>
   <subfield code="v">99000.00</subfield>
   <subfield code="w">2018-04-11</subfield>
   <subfield code="y">BK</subfield>
  </datafield>
  <datafield tag="952" ind1=" " ind2=" ">
   <subfield code="0">0</subfield>
   <subfield code="1">0</subfield>
   <subfield code="2">ddc</subfield>
   <subfield code="4">0</subfield>
   <subfield code="6">616_100000000000000_X527</subfield>
   <subfield code="7">0</subfield>
   <subfield code="9">6778</subfield>
   <subfield code="a">000001</subfield>
   <subfield code="b">000001</subfield>
   <subfield code="d">2018-04-11</subfield>
   <subfield code="o">616.1 X527</subfield>
   <subfield code="p">MD.12025</subfield>
   <subfield code="r">2018-04-11</subfield>
   <subfield code="v">99000.00</subfield>
   <subfield code="w">2018-04-11</subfield>
   <subfield code="y">BK</subfield>
  </datafield>
  <datafield tag="952" ind1=" " ind2=" ">
   <subfield code="0">0</subfield>
   <subfield code="1">0</subfield>
   <subfield code="2">ddc</subfield>
   <subfield code="4">0</subfield>
   <subfield code="6">616_100000000000000_X527</subfield>
   <subfield code="7">0</subfield>
   <subfield code="9">15462</subfield>
   <subfield code="a">000001</subfield>
   <subfield code="b">000001</subfield>
   <subfield code="d">2019-02-14</subfield>
   <subfield code="o">616.1 X527</subfield>
   <subfield code="p">MD.14225</subfield>
   <subfield code="r">2019-04-06</subfield>
   <subfield code="v">99000.00</subfield>
   <subfield code="w">2019-02-14</subfield>
   <subfield code="y">BK</subfield>
  </datafield>
  <datafield tag="952" ind1=" " ind2=" ">
   <subfield code="0">0</subfield>
   <subfield code="1">0</subfield>
   <subfield code="2">ddc</subfield>
   <subfield code="4">0</subfield>
   <subfield code="6">616_100000000000000_X527</subfield>
   <subfield code="7">0</subfield>
   <subfield code="9">15463</subfield>
   <subfield code="a">000001</subfield>
   <subfield code="b">000001</subfield>
   <subfield code="d">2019-02-14</subfield>
   <subfield code="l">1</subfield>
   <subfield code="o">616.1 X527</subfield>
   <subfield code="p">MD.14226</subfield>
   <subfield code="r">2020-05-19</subfield>
   <subfield code="s">2020-05-05</subfield>
   <subfield code="v">99000.00</subfield>
   <subfield code="w">2019-02-14</subfield>
   <subfield code="y">BK</subfield>
  </datafield>
  <datafield tag="952" ind1=" " ind2=" ">
   <subfield code="0">0</subfield>
   <subfield code="1">0</subfield>
   <subfield code="2">ddc</subfield>
   <subfield code="4">0</subfield>
   <subfield code="6">616_100000000000000_X527</subfield>
   <subfield code="7">0</subfield>
   <subfield code="9">15464</subfield>
   <subfield code="a">000001</subfield>
   <subfield code="b">000001</subfield>
   <subfield code="d">2019-02-14</subfield>
   <subfield code="o">616.1 X527</subfield>
   <subfield code="p">MD.14227</subfield>
   <subfield code="r">2019-02-14</subfield>
   <subfield code="v">99000.00</subfield>
   <subfield code="w">2019-02-14</subfield>
   <subfield code="y">BK</subfield>
  </datafield>
  <datafield tag="952" ind1=" " ind2=" ">
   <subfield code="0">0</subfield>
   <subfield code="1">0</subfield>
   <subfield code="2">ddc</subfield>
   <subfield code="4">0</subfield>
   <subfield code="6">616_100000000000000_X527</subfield>
   <subfield code="7">0</subfield>
   <subfield code="9">15465</subfield>
   <subfield code="a">000001</subfield>
   <subfield code="b">000001</subfield>
   <subfield code="d">2019-02-14</subfield>
   <subfield code="l">1</subfield>
   <subfield code="o">616.1 X527</subfield>
   <subfield code="p">MD.14228</subfield>
   <subfield code="r">2020-03-24</subfield>
   <subfield code="s">2020-01-09</subfield>
   <subfield code="v">99000.00</subfield>
   <subfield code="w">2019-02-14</subfield>
   <subfield code="y">BK</subfield>
  </datafield>
  <datafield tag="952" ind1=" " ind2=" ">
   <subfield code="0">0</subfield>
   <subfield code="1">0</subfield>
   <subfield code="2">ddc</subfield>
   <subfield code="4">0</subfield>
   <subfield code="6">616_100000000000000_X527</subfield>
   <subfield code="7">0</subfield>
   <subfield code="9">15466</subfield>
   <subfield code="a">000001</subfield>
   <subfield code="b">000001</subfield>
   <subfield code="d">2019-02-14</subfield>
   <subfield code="o">616.1 X527</subfield>
   <subfield code="p">MD.14229</subfield>
   <subfield code="r">2019-02-14</subfield>
   <subfield code="v">99000.00</subfield>
   <subfield code="w">2019-02-14</subfield>
   <subfield code="y">BK</subfield>
  </datafield>
  <datafield tag="980" ind1=" " ind2=" ">
   <subfield code="a">Thư viện Trường Đại học Nam Cần Thơ</subfield>
  </datafield>
 </record>
</collection>
